Financing disaster-resistant urban infrastructure in asia
| Main Author: | |
|---|---|
| Format: | Book |
| Published: |
2003?
|
| Subjects: |
MARC
| LEADER | 00000cam a2200000 7i4500 | ||
|---|---|---|---|
| 001 | 0000016209 | ||
| 005 | 20060208.0 | ||
| 040 | |a INS | ||
| 090 | 0 | 0 | |a KK143 |
| 100 | 1 | |a Haer, Andrea | |
| 245 | 1 | 0 | |a Financing disaster-resistant urban infrastructure in asia |c Andrea Haer |
| 260 | |a 2003? | ||
| 300 | |a 28p. : |b ill ; |c 30cm. | ||
| 650 | 0 | 0 | |a Urban infrastructure |z Asia |
| 650 | 0 | 0 | |a Urbanization |z Asia |x Finance |
| 999 | |a KK00000358 |b BOOK |c Course Notes |e Default branch | ||
| 999 | |a KK00000383 |b BOOK |c Course Notes |e Default branch | ||